LEADER 01109nam a2200229 4500 001 000000367278 003 CaOOAMICUS 005 20260416123216.0 008 260416s1912 it 000 u ita r 040 $aSeMil$bita 100 1 $aJacquet, Dominique.$0(OLS)http://semarc/name/124157 245 12$aL'indipendenza del Papa : $b(dati storici) /$cMons. Domenico Jacquet ; versione dal francese di P. E. Bulletti autorizzata e riveduta dall'autore. 264 1$aSiena :$bTipografia Pontificia S. Bernardino,$c1912. 300 $a99 p. ;$c23 cm 650 4$aPapato - Potere temporale.$0(OLS)http://semarc/subject/4991 650 4$aChiesa cattolica - Rapporti [con gli] Stati - Storia.$0(OLS)http://semarc/subject/58598 700 1 $aBulletti, Enrico.$0(OLS)http://semarc/name/124158 850 $aSeMil 852 $aSeMil$W1$xVenegono$y1$m3A III 229$j270328$B257992$CSeMilBibl$Z2$F257992 $8M 996 $6245$aL'indipendenza del Papa : $b(dati storici)$9(OLS)http://semarc/title/459144 996 $6264$aSiena :$bTipografia Pontificia S. Bernardino$9(OLS)http://semarc/publisher/63004